Statistics for Famous People Breakdown Puzzle #2

Click here to take the quiz!

General Stats

  • This quiz has been taken 600 times
  • The average score is 19 of 30

Answer Stats

HintAnswer% Correct
Star Wars' SoloHAN
94%
Fake hairWIG
94%
TV commercialAD
92%
Genghis, or KublaiKHAN
92%
"See ya!"BYE
91%
Icecream holderCONE
91%
Use a shovelDIG
90%
Killer whaleORCA
90%
Fire residueASH
89%
'Laughing' animalHYENA
89%
Burst a balloonPOP
88%
Gymnasts' perfect scoreTEN
87%
Uncle's mateAUNT
84%
Piece of dinnerwarePLATE
84%
Billiards stickCUE
81%
Tears paperRIPS
75%
Female fowlHEN
68%
GANDHI
61%
St. Louis landmarkARCH
57%
Ahi fishTUNA
49%
DANTE
48%
BEYONCE
37%
Lake, in FranceLAC
32%
HAWKING
27%
CLEOPATRA
22%
SAPPHO
20%
CHANEL
17%
NETANYAHU
8%
RASPUTIN
8%
CHAUCER
6%

Score Distribution

Percentile by Number Answered

Percent of People with Each Score

Your Score History

You have not taken this quiz